| 000 | 01022nac a22003137a 4500 | ||
|---|---|---|---|
| 001 | BR8109018 | ||
| 003 | BR-BrBNA | ||
| 005 | 20240105115202.0 | ||
| 008 | 230509b bl.|||m| |||| 00| 0 por d | ||
| 040 |
_aBR-BrBNA _bpor _cBiblioteca Nacional de Agricultura |
||
| 072 | _aJ10; E16 | ||
| 090 | _a1720 BR8109018 | ||
| 100 | 1 | _aCabral Filho, M. | |
| 110 | 1 |
_aCompanhia Brasileira de Armazenamento, Brasilia, DF (Brasil). Depto. de Operacoes de Unidades Frigorificas _92309 |
|
| 245 | 1 | _aA CIBRAZEM e a armazenagem de hortigranjeiros [Companhia Brasileira de Armazenamento] | |
| 260 | 3 |
_aBrasilia, DF (Brasil): _c1981. |
|
| 300 | _a19 p. | ||
| 490 |
_aInformativo Tecnico DEFRI - Companhia Brasileira de Armazenamento (Brazil) _vno. 2 _x |
||
| 650 | _aALHO | ||
| 650 | _aCEBOLA | ||
| 650 | _aBATATA | ||
| 650 | _aMACA | ||
| 650 | _aTOMATE | ||
| 650 | _aARMAZENAMENTO | ||
| 650 | _aPOLITICA NACIONAL | ||
| 650 | _aPRODUTIVIDADE | ||
| 909 |
_a202312 _bLúcia Elande _c55 _dLúcia Elande |
||
| 942 |
_2AGRIS _n0 _cMS |
||
| 999 |
_c273546 _d273546 |
||